000 00872nam a2200433Ia 4500
001 163
003 335
005 20240712154301.0
008 ||||||n9999 ||| || ||
020 _a9684515006
041 _aspa
082 _219
_a001.43
245 0 _aProgramas practicos en Pascal
260 _aEspaƱa :
_bOsborne,
_c1983.
300 _a205p
562 _e1
650 0 _aPROGRAMAS DE COMPUTADORA
_9211
942 _cBKM
999 _c163
_d163
526 _a17598
526 _a102617
526 _a102618
526 _a15794
526 _a102619
526 _a102620
526 _a10406
526 _a105630
526 _a1698
526 _a116204
526 _a4969
526 _a19790
526 _a104436
526 _a5144
526 _a51868
526 _a3899
526 _a9683
526 _a
526 _a1703
526 _a1697